| 000 | 00593nam a2200241 a 4500 | ||
|---|---|---|---|
| 001 | 35784 | ||
| 003 | AR-BaAGN | ||
| 005 | 20231116145346.0 | ||
| 007 | ta | ||
| 008 | 220625s1970 ag |||||r|||| ||||||spa d | ||
| 040 |
_dAR-BaAGN _aAR-BaAGN _bspa _eaacr |
||
| 100 | 1 | _aFerla, Salvador | |
| 245 | 1 | 0 | _aCristianismo y Marxismo |
| 260 |
_aBuenos Aires : _bPeña Lilo, _c1970. |
||
| 300 | _a360 páginas | ||
| 336 |
_2rdacontent _btxt |
||
| 337 |
_2rdamedia _bn |
||
| 338 |
_2rdacarrier _bnc |
||
| 650 | 4 |
_aCRISTIANISMO _91625 |
|
| 650 | 4 |
_aMARXISMO _91810 |
|
| 942 | _cLIBRO | ||
| 999 |
_c35784 _d35784 |
||